MARC

LEADER 00000nas a2200000 a 4500
001 ssj0000548025
003 WaSeSS
005 20200512172242.0
006 m d
007 cr n
008 100407c20119999gw ar ssg 0 a0eng
010 |a  2010201922 
016 7 |a 2629314-6  |2 DE-600 
016 7 |a 2629314 6  |2 DE-600 
022 |a 2154-3186  |y 2194-590X 
035 |a (WaSeSS)ssj0000548025 
037 |b Berkeley Electronic Press, 2809 Telegraph Ave., Ste. 202, Berkeley, CA 94705 
040 |a DLC  |b eng  |c DLC  |d TXQ  |d HEBIS  |d DLC  |d OCLCO  |d OCLCQ  |d CUS  |d DLC  |d OCLCO  |d DLC  |d OCLCO  |d DLC  |d OCLCQ  |d OCLCA  |d DKU  |d UUM  |d OCLCF  |d NTG  |d AU@  |d WaSeSS 
042 |a pcc  |a nsdp 
050 0 0 |a K10 
082 1 0 |a 358  |2 15 
222 0 |a Journal of biosecurity, biosafety and biodefense law 
245 0 0 |a Journal of biosecurity, biosafety and biodefense law  |h [electronic resource]. 
246 1 |a JBBBL 
260 |a Berkeley, CA :  |b Berkeley Electronic Press 
260 3 |3 <2014-> :  |a Berlin, Germany :  |b Walter de Gruyter GmbH 
310 |a Annual 
362 1 |a Began with: Vol. 1, issue 1 (Jan. 2011). 
506 |a License restrictions may limit access. 
588 |a Description based on: Vol. 1, issue 1 (Jan. 2011); title from caption (Berkeley Press website, viewed on Oct. 20, 2012). 
588 |a Latest issue consulted: Vol. 5, issue 1 (2014) (degruyter.com, viewed Jan. 26, 2015). 
650 0 |a Biosecurity  |x Law and legislation  |v Periodicals. 
650 0 |a Bioterrorism  |x Prevention  |v Periodicals. 
650 0 |a Biological weapons  |x Law and legislation  |v Periodicals. 
650 0 |a Human security  |x Government policy  |v Periodicals. 
650 0 |a Public health laws  |v Periodicals. 
650 7 |a Bioterrorism  |x Prevention.  |2 fast  |0 (OCoLC)fst00832826 
650 7 |a Public health laws.  |2 fast  |0 (OCoLC)fst01082364 
655 0 |a Electronic journals. 
776 0 8 |i Print version:  |t Journal of biosecurity, biosafety and biodefense law  |x 2194-590X 
856 4 0 |z Full text available from Research Library: 01/01/2013 to 01/31/2017  |u https://search.proquest.com/publication/2031336